000 00356nam a2200121Ia 4500
008 220204s9999 xx 000 0 und d
082 _aNR:62:006.73
_bRRC.22
245 0 _aTwenty second B Round robin crosschecks for SMR testing (14th and 15th August 1979)
260 _aKuala Lumpur
_bRRIM
650 _aSMR testing
700 _aLoke Kum Mun
942 _cBK
999 _c43403
_d43403